[Event "GER-chA Seniors 27th"]
[Site "Magdeburg"]
[Date "2015.08.19"]
[Round "5"]
[White "Galicki, Ryszard"]
[Black "Huelsmann, Josef"]
[Result "0-1"]
[WhiteElo "1875"]
[BlackElo "2196"]
[PlyCount "120"]
[EventDate "2015.08.15"]
[EventType "swiss"]
[EventRounds "9"]
[EventCountry "GER"]
[SourceTitle "EXT 2018"]
[Source "ChessBase"]
[SourceDate "2017.10.13"]
[SourceVersion "1"]
[SourceVersionDate "2017.10.13"]
[SourceQuality "1"]

1. e4 e6 2. f4 d5 3. e5 c5 4. Nf3 Ne7 5. c3 Nec6 6. d4 Nd7 7. a3 c4 8. b4 cxb3 9. Qxb3 Na5 10. Qc2 Nb6 11. Bb5+ Bd7 12. Bxd7+ Qxd7 13. a4 Rc8 14. 0-0 g6 15. Qd3 Nxa4 16. Nfd2 h5 17. g3 Be7 18. Ba3 Bxa3 19. Rxa3 b5 20. Nb3 Nxb3 21. Rxb3 a6 22. Na3 Kf8 23. h3 Kg7 24. Nc2 Rc7 25. Nb4 Qc8 26. Na2 Rc4 27. g4 hxg4 28. hxg4 Rh4 29. Qg3 Qh8 30. Kg2 Qh6 31. Rbb1 Rc8 32. Rh1 Rh8 33. Rxh4 Qxh4 34. Qxh4 Rxh4 35. Kg3 Rh8 36. Rf1 Rc8 37. Rf3 f5 38. exf6+ Kxf6 39. g5+ Ke7 40. Kg4 a5 41. Rh3 Kd6 42. Rh6 Nxc3 43. Nxc3 Rxc3 44. Rxg6 Ke7 45. Rg7+ Kf8 46. Rb7 b4 47. g6 b3 48. Kg5 Rf3 49. g7+ Kg8 50. Kg6 Rg3+ 51. Kf6 Kh7 52. Kxe6 a4 53. f5 a3 54. f6 a2 55. g8Q+ Kxg8 56. Rb8+ Kh7 57. f7 Re3+ 58. Kxd5 Rf3 59. Rxb3 a1Q 60. Rxf3 Qa8+ 0-1

[Event "GER-chA Seniors 27th"]
[Site "Magdeburg"]
[Date "2015.08.17"]
[Round "3"]
[White "Galicki, Ryszard"]
[Black "Pruefer, Friedbert"]
[Result "0-1"]
[WhiteElo "1875"]
[BlackElo "2219"]
[PlyCount "112"]
[EventDate "2015.08.15"]
[EventType "swiss"]
[EventRounds "9"]
[EventCountry "GER"]
[SourceTitle "EXT 2018"]
[Source "ChessBase"]
[SourceDate "2017.10.13"]
[SourceVersion "1"]
[SourceVersionDate "2017.10.13"]
[SourceQuality "1"]

1. e4 g6 2. d4 Bg7 3. f4 c5 4. c3 cxd4 5. cxd4 Qb6 6. Nf3 d6 7. Nc3 Bg4 8. Nd5 Qd8 9. Be2 Nc6 10. e5 Qa5+ 11. Nc3 dxe5 12. dxe5 Nh6 13. 0-0 0-0 14. Be3 Rad8 15. Qa4 Qxa4 16. Nxa4 f6 17. h3 Bc8 18. exf6 exf6 19. g4 Rfe8 20. Bc4+ Be6 21. Bxe6+ Rxe6 22. Rfe1 f5 23. g5 Nf7 24. Nc5 Re7 25. Bf2 Rde8 26. Nd7 Rxe1+ 27. Rxe1 Rxe1+ 28. Bxe1 Bxb2 29. Nf6+ Kg7 30. Ne8+ Kf8 31. Nf6 h6 32. Nh4 hxg5 33. Nh7+ Kg7 34. Nxg5 Nxg5 35. fxg5 Ne5 36. Bf2 a6 37. Kg2 Kf7 38. Nf3 Nxf3 39. Kxf3 Ke6 40. h4 b5 41. Ke3 a5 42. Be1 b4 43. Kd3 Kd5 44. Bd2 Be5 45. Be1 Bd4 46. Bd2 Bf2 47. h5 gxh5 48. g6 Ke6 49. Bg5 a4 50. Kc4 Be1 51. g7 Kf7 52. Bf6 h4 53. Kb5 h3 54. Be5 Bc3 55. Bf4 b3 56. axb3 axb3 0-1

[Event "GER-ch Seniors 23rd"]
[Site "Halle"]
[Date "2011.08.10"]
[Round "6"]
[White "Galicki, Ryszard"]
[Black "Lichtblau, Ernst"]
[Result "1-0"]
[WhiteElo "1986"]
[BlackElo "1824"]
[PlyCount "94"]
[EventDate "2011.08.05"]
[EventType "swiss"]
[EventRounds "9"]
[EventCountry "GER"]
[SourceTitle "CBM 144 Extra"]
[Source "ChessBase"]
[SourceDate "2011.10.28"]
[SourceVersion "1"]
[SourceVersionDate "2011.10.28"]
[SourceQuality "1"]

1. e4 c6 2. d4 d5 3. e5 Bf5 4. Nd2 e6 5. Nb3 Nd7 6. Be3 f6 7. f4 c5 8. exf6 Ngxf6 9. dxc5 Rc8 10. Bb5 a6 11. Ba4 Be7 12. Nf3 0-0 13. Bxd7 Nxd7 14. Nfd4 Nxc5 15. 0-0 Nxb3 16. axb3 Bc5 17. c3 Qd7 18. Nxf5 Rxf5 19. Bxc5 Rxc5 20. Qd4 Qc7 21. Rfe1 Rc6 22. g4 Rf6 23. f5 Qb6 24. Qxb6 Rxb6 25. Rxe6 Rbxe6 26. fxe6 Rxe6 27. Kf2 Kf7 28. Rd1 Re5 29. b4 Ke6 30. h4 g6 31. Rd3 Re4 32. Kf3 h5 33. gxh5 gxh5 34. Re3 Ke5 35. b3 b5 36. Kf2 Kf4 37. Rd3 Kf5 38. Re3 Ke5 39. Kf3 Kf5 40. Rxe4 dxe4+ 41. Ke3 Kg4 42. c4 Kxh4 43. c5 Kg3 44. c6 h4 45. c7 h3 46. c8Q h2 47. Qg8+ Kh3 1-0

[Event "GER-ch Seniors 21st"]
[Site "Dresden"]
[Date "2009.08.03"]
[Round "1"]
[White "Schulz, Wilhelm1111"]
[Black "Galicki, Ryszard"]
[Result "1-0"]
[WhiteElo "2065"]
[BlackElo "1997"]
[PlyCount "137"]
[EventDate "2009.08.03"]
[EventType "swiss"]
[EventRounds "9"]
[EventCountry "GER"]
[SourceTitle "CBM 131 Extra"]
[Source "ChessBase"]
[SourceDate "2009.09.03"]
[SourceVersion "2"]
[SourceVersionDate "2009.09.16"]
[SourceQuality "1"]

1. e4 c5 2. Nf3 Nc6 3. d4 cxd4 4. Nxd4 Nf6 5. Nc3 e5 6. Ndb5 d6 7. Bg5 a6 8. Na3 b5 9. Nd5 Be7 10. Bxf6 Bxf6 11. c3 Bg5 12. Nc2 g6 13. a4 Rb8 14. axb5 axb5 15. Bd3 0-0 16. Qe2 Be6 17. Ncb4 Nxb4 18. Nxb4 Qb6 19. Ra6 Qb7 20. 0-0 Rfc8 21. Rfa1 Bc4 22. Ra7 Ra8 23. R7a3 Rxa3 24. Rxa3 Be7 25. Bxc4 Rxc4 26. Nd5 Bf8 27. Qe3 Ra4 28. Rxa4 bxa4 29. Qb6 Qa8 30. Qb4 h5 31. Kf1 f5 32. Qc4 Kh8 33. f3 a3 34. bxa3 Qxa3 35. Kf2 Qb2+ 36. Qe2 Qc1 37. Qa2 h4 38. h3 Qg5 39. Kg1 Kh7 40. Qa7+ Bg7 41. Qe3 Kh6 42. Qxg5+ Kxg5 43. Kf1 Bf6 44. Ke2 Bd8 45. Kd3 Kh6 46. Kc4 Kg7 47. Kb5 Kf7 48. Kc6 Ke6 49. Ne3 Ba5 50. Nd5 Bd8 51. c4 Ba5 52. Nc7+ Ke7 53. Nb5 Bb4 54. Kd5 Kd7 55. Na7 Bc5 56. Nc6 Ba3 57. c5 Bxc5 58. Nxe5+ dxe5 59. Kxc5 Ke6 60. Kc6 g5 61. Kc5 g4 62. Kc6 fxe4 63. fxe4 gxh3 64. gxh3 Ke7 65. Kd5 Kd7 66. Kxe5 Ke7 67. Kf5 Kf7 68. Kg5 Ke6 69. Kxh4 1-0

[Event "Brandenburg-ch Seniors 18th"]
[Site "Rowy"]
[Date "2009.06.30"]
[Round "9"]
[White "Galicki, Ryszard"]
[Black "Soltau, Achim"]
[Result "0-1"]
[WhiteElo "1823"]
[BlackElo "1844"]
[PlyCount "66"]
[EventDate "2009.06.22"]
[EventType "swiss"]
[EventRounds "9"]
[EventCountry "POL"]
[SourceTitle "EXT 2022"]
[Source "ChessBase"]
[SourceDate "2021.10.06"]
[SourceVersion "1"]
[SourceVersionDate "2021.10.06"]
[SourceQuality "1"]

1. d4 d5 2. c4 e6 3. Nf3 c5 4. e3 Nf6 5. Nc3 a6 6. b3 cxd4 7. exd4 Bb4 8. Bd2 0-0 9. Bd3 dxc4 10. bxc4 Nc6 11. Ne2 Re8 12. 0-0 Bd6 13. Bc3 Nb4 14. Bb1 b6 15. Ne5 Bb7 16. Qb3 Nc6 17. f4 Qc7 18. Qc2 g6 19. Nxc6 Qxc6 20. d5 Bc5+ 21. Kh1 exd5 22. Nd4 Bxd4 23. Bxd4 dxc4 24. Qb2 Nd5 25. f5 Ne3 26. Bxe3 Rxe3 27. fxg6 hxg6 28. Qf2 Qe6 29. Qh4 Re2 30. Rg1 Re8 31. a4 Rxg2 32. Be4 Rxg1+ 33. Kxg1 Qxe4 0-1

[Event "Brandenburg-ch Seniors 18th"]
[Site "Rowy"]
[Date "2009.06.25"]
[Round "4"]
[White "Galicki, Ryszard"]
[Black "Olejarczyk, Bogdan"]
[Result "1-0"]
[WhiteElo "1823"]
[BlackElo "1947"]
[PlyCount "72"]
[EventDate "2009.06.22"]
[EventType "swiss"]
[EventRounds "9"]
[EventCountry "POL"]
[SourceTitle "EXT 2022"]
[Source "ChessBase"]
[SourceDate "2021.10.06"]
[SourceVersion "1"]
[SourceVersionDate "2021.10.06"]
[SourceQuality "1"]

1. e4 c5 2. Nf3 d6 3. d4 cxd4 4. Qxd4 Nc6 5. Bb5 Bd7 6. Bxc6 Bxc6 7. Nc3 e6 8. Bg5 Nf6 9. 0-0-0 Be7 10. e5 dxe5 11. Qxe5 Qb8 12. Bf4 Qxe5 13. Nxe5 Bxg2 14. Rhg1 Bc6 15. Nxc6 bxc6 16. Be5 Nh5 17. Ne4 0-0 18. Rd7 Rfe8 19. Rc7 c5 20. c4 g6 21. Rd1 Bd8 22. Rb7 f6 23. Bd6 f5 24. Nxc5 e5 25. Nd7 Bg5+ 26. Kc2 e4 27. Ne5 Bf6 28. Nd7 Bg7 29. c5 Rac8 30. Rxa7 f4 31. Nb6 Rc6 32. Nd5 e3 33. fxe3 fxe3 34. Ne7+ Rxe7 35. Rxe7 Bh6 36. Rf1 Ng7 1-0

[Event "Katy Rybackie op"]
[Site "Katy Rybackie"]
[Date "2009.06.17"]
[Round "5"]
[White "Galicki, Ryszard"]
[Black "Jaworski, Miroslaw"]
[Result "0-1"]
[WhiteElo "1997"]
[BlackElo "2363"]
[PlyCount "162"]
[EventDate "2009.06.14"]
[EventType "swiss"]
[EventRounds "9"]
[EventCountry "POL"]
[SourceTitle "CBM 131 Extra"]
[Source "ChessBase"]
[SourceDate "2009.09.03"]
[SourceVersion "2"]
[SourceVersionDate "2009.09.16"]
[SourceQuality "1"]

1. e4 c5 2. Nf3 d6 3. d4 cxd4 4. Qxd4 a6 5. Be3 Nf6 6. Nc3 Ng4 7. Bg5 Nc6 8. Qd2 h6 9. Bh4 g5 10. Bg3 Bg7 11. Bc4 Nge5 12. Nxe5 Nxe5 13. Bb3 Be6 14. Nd5 Rc8 15. Bxe5 Bxe5 16. c3 Rc5 17. f3 Bxd5 18. exd5 Qc8 19. 0-0 Qf5 20. Rad1 h5 21. Qd3 Qf4 22. g3 Qf6 23. Qe4 h4 24. g4 0-0 25. Rfe1 Rfc8 26. Bc2 b5 27. Bb3 a5 28. a3 Kg7 29. Re2 R8c7 30. Qf5 Qxf5 31. gxf5 Kf6 32. Bc2 b4 33. axb4 axb4 34. Be4 bxc3 35. bxc3 Rxc3 36. h3 Rb7 37. Kg2 Rbb3 38. Rdd2 Rc1 39. Rc2 Rbb1 40. Rxc1 Rxc1 41. Ra2 Bd4 42. Rd2 Ke5 43. Ra2 Rd1 44. Re2 Rg1+ 45. Kh2 Ra1 46. Bc2+ Kf6 47. Be4 Ra3 48. Rc2 Be3 49. Kg2 Ke5 50. Re2 Kf4 51. Rb2 Bd4 52. Rc2 Ra1 53. Re2 Be3 54. Rb2 Rd1 55. Re2 Rd4 56. Ra2 Rb4 57. Rc2 Ke5 58. Kh2 Ra4 59. Kg2 Ra1 60. Re2 Kd4 61. Rc2 Rg1+ 62. Kh2 Rd1 63. Rc7 Bf4+ 64. Kg2 Rd2+ 65. Kf1 Rh2 66. Rxe7 f6 67. Ra7 Rxh3 68. Ra4+ Ke5 69. Ke2 Rh2+ 70. Kd3 Rd2+ 71. Kc3 Re2 72. Ra8 Bg3 73. Bd3 Re1 74. Re8+ Kf4 75. Re6 h3 76. Rxf6 h2 77. Rh6 Bh4 78. f6 Re8 79. f7 Rf8 80. Rf6+ Kg3 81. f4 h1Q 0-1

[Event "GER-ch Seniors-A 20th"]
[Site "Erfurt"]
[Date "2008.08.08"]
[Round "4"]
[White "Ljubarskij, Jurij"]
[Black "Galicki, Ryszard"]
[Result "1-0"]
[WhiteElo "2243"]
[BlackElo "1861"]
[PlyCount "61"]
[EventDate "2008.08.05"]
[EventType "swiss"]
[EventRounds "9"]
[EventCountry "GER"]
[SourceTitle "CBM 126 Extra"]
[Source "ChessBase"]
[SourceDate "2008.11.05"]
[SourceVersion "1"]
[SourceVersionDate "2008.11.05"]
[SourceQuality "1"]

1. e4 c5 2. Nc3 Nc6 3. Bb5 g6 4. Bxc6 dxc6 5. d3 Bg7 6. Nge2 b6 7. 0-0 Nf6 8. h3 0-0 9. f4 Ne8 10. f5 gxf5 11. exf5 Nd6 12. Ng3 e6 13. f6 Bxf6 14. Bh6 Bd4+ 15. Kh1 Re8 16. Qh5 f5 17. Rae1 Nf7 18. Bc1 Qf6 19. Nxf5 Qg6 20. Qh4 Bf6 21. Nh6+ Qxh6 22. Qxf6 Qxf6 23. Rxf6 Nd6 24. Bf4 Nf7 25. Re3 Nh8 26. Bh6 Bd7 27. h4 Ng6 28. h5 Nh4 29. Rg3+ Kh8 30. Rg7 Rf8 31. Rxd7 1-0

[Event "GER-ch Seniors-A 20th"]
[Site "Erfurt"]
[Date "2008.08.06"]
[Round "2"]
[White "Wiemer, Juergen"]
[Black "Galicki, Ryszard"]
[Result "0-1"]
[WhiteElo "1915"]
[BlackElo "1861"]
[PlyCount "89"]
[EventDate "2008.08.05"]
[EventType "swiss"]
[EventRounds "9"]
[EventCountry "GER"]
[SourceTitle "CBM 126 Extra"]
[Source "ChessBase"]
[SourceDate "2008.11.05"]
[SourceVersion "1"]
[SourceVersionDate "2008.11.05"]
[SourceQuality "1"]

1. e4 c5 2. Nc3 Nc6 3. g3 g6 4. Bg2 Bg7 5. d3 d6 6. Be3 Nf6 7. h3 0-0 8. Qd2 Nd4 9. Nd1 e5 10. c3 Ne6 11. Nf3 Re8 12. c4 Nh5 13. Nc3 Kh8 14. Nd5 f5 15. Bh6 fxe4 16. Bxg7+ Kxg7 17. dxe4 Nf6 18. Nxf6 Kxf6 19. Rd1 Nd4 20. Nxd4 exd4 21. 0-0 Kg7 22. f4 Be6 23. b3 Qc7 24. f5 Bf7 25. f6+ Kh8 26. h4 Rg8 27. Bh3 Raf8 28. Qg5 Qc6 29. Rde1 b5 30. cxb5 Qxb5 31. Bg4 Qb7 32. Rf2 Re8 33. Qh6 d5 34. Bf3 Qb4 35. Rd1 Qa5 36. Qg5 Qb6 37. Kh2 Qb7 38. Bg2 dxe4 39. Re1 Bd5 40. Bxe4 Rgf8 41. Bxd5 Qxd5 42. Rfe2 Qf3 43. Kh3 d3 44. Qf4 Qxf4 45. gxf4 0-1

[Event "Rowy op-A 17th"]
[Site "Rowy"]
[Date "2008.06.20"]
[Round "7.15"]
[White "Galicki, Ryszard"]
[Black "Salamon, Jan"]
[Result "0-1"]
[WhiteElo "2026"]
[BlackElo "1892"]
[PlyCount "55"]
[EventDate "2008.06.14"]
[EventType "swiss"]
[EventRounds "9"]
[EventCountry "POL"]
[SourceTitle "EXT 2023"]
[Source "ChessBase"]
[SourceDate "2022.10.05"]
[SourceVersion "1"]
[SourceVersionDate "2022.10.05"]
[SourceQuality "1"]

1. e4 c5 2. Nf3 d6 3. d4 cxd4 4. Nxd4 Nf6 5. Nc3 a6 6. f3 e6 7. Be3 Be7 8. Qd2 b5 9. a3 Bb7 10. 0-0-0 0-0 11. g4 Nfd7 12. Be2 Qc7 13. Kb1 Nb6 14. Bg5 Bxg5 15. Qxg5 Nc6 16. Qe3 Rac8 17. Ndxb5 axb5 18. Nxb5 Qe7 19. Qxb6 d5 20. Bd3 Ne5 21. Qd6 Qf6 22. Rhf1 Rc6 23. Qb4 Nxd3 24. cxd3 Ba6 25. a4 Qf4 26. Rf2 Rb8 27. Qa5 Rcb6 28. Nc3 0-1